[Event "CZE-chTV 0102"]
[Site "Czech Republic"]
[Date "2002.??.??"]
[Round "8"]
[White "Matous, Mario"]
[Black "Prokupek, Marek"]
[Result "1-0"]
[WhiteElo "2049"]
[BlackElo "1889"]
[PlyCount "45"]
[EventDate "2001.??.??"]
[EventType "team"]
[EventRounds "11"]
[EventCountry "CZE"]
[SourceTitle "EXT 2003"]
[Source "ChessBase"]
[SourceDate "2002.11.25"]
[SourceVersion "1"]
[SourceVersionDate "2002.11.25"]
[SourceQuality "1"]
[WhiteTeam "Mlada Boleslav"]
[BlackTeam "Infinity B"]
[WhiteTeamCountry "CZE"]
[BlackTeamCountry "CZE"]

1. e4 e5 2. f4 d5 3. exd5 e4 4. d3 Nf6 5. Nd2 Bf5 6. dxe4 Nxe4 7. Qf3 Nxd2 8. Bxd2 Bxc2 9. Bb5+ Nd7 10. Ne2 a6 11. Bxd7+ Qxd7 12. Rc1 Bf5 13. Nd4 0-0-0 14. Ba5 Re8+ 15. Kf2 Bd6 16. Nxf5 Qxf5 17. Bxc7 Bxc7 18. d6 Re4 19. Rxc7+ Kb8 20. g3 Rhe8 21. Re1 Qg6 22. Qb3 b5 23. Qd5 1-0

[Event "CZE-chTV 0102"]
[Site "Czech Republic"]
[Date "2002.??.??"]
[Round "5"]
[White "Soukup, Vaclav"]
[Black "Prokupek, Marek"]
[Result "1/2-1/2"]
[WhiteElo "2058"]
[BlackElo "1889"]
[PlyCount "23"]
[EventDate "2001.??.??"]
[EventType "team"]
[EventRounds "11"]
[EventCountry "CZE"]
[SourceTitle "EXT 2003"]
[Source "ChessBase"]
[SourceDate "2002.11.25"]
[SourceVersion "1"]
[SourceVersionDate "2002.11.25"]
[SourceQuality "1"]
[WhiteTeam "Zizkov"]
[BlackTeam "Infinity B"]
[WhiteTeamCountry "CZE"]
[BlackTeamCountry "CZE"]

1. c4 c5 2. Nc3 Nc6 3. Nf3 Nf6 4. g3 g6 5. Bg2 Bg7 6. 0-0 0-0 7. d4 cxd4 8. Nxd4 Qb6 9. Nc2 d6 10. b3 a5 11. Be3 Qd8 12. h3 1/2-1/2